Affrontez l'Alphabet #13 - Statistiques

Statistiques générales
  • Ce quiz a été pris 112 fois
  • Le résultat moyen est 6 sur 11
Statistiques - réponses
Hint Réponse % Correct
Donne les 2 lettres manquantes dans le nom de ce film de 2018 : Cinquante Nuances plus _ _ aires
CL
100%
Donne les 2 lettres manquantes du nom de l'État fédéré australien situé dans le Sud-Est de l'île principale de l'Australie : _ict_ria
VO
90%
Donne les 2 lettres manquantes dans les paroles de la chanson Hygiaphone du groupe Téléphone : Danser Joue de ton électrophone T'as pas besoin de gueuler Demande au mégaphone Bientôt au bout _u _il Tu n'auras plus personne DF
77%
Donne les 2 lettres manquantes dans le nom de cette série télévisée d'animation britannique pour la jeunesse (diffusée à partir de 1987) : S_ _ le pompier
AM
76%
Donne les 2 lettres manquantes dans le nom de cette peinture à l'huile réalisée par Vincent van Gogh en juillet 1890, quelques jours avant sa mort : Champ de blé aux cor_eau_
BX
76%
Donne les 2 lettres qui complètent le nom de l'entreprise américaine du secteur des paiements, spécialisée dans les transferts d'argent internationaux pour les particuliers et les entreprises : _estern _nion WU
74%
Donne les 2 lettres manquantes dans le nom du club champion de France de Handball masculin en 2013-2014 : Dun_er_ue HGL KQ
71%
Donne les 2 lettres manquantes dans le nom de cet arbre ou arbuste buissonnant, sempervirent, pouvant atteindre une hauteur de 5 à 40 mètres : le C_ _rès
YP
56%
Donne les 2 lettres manquantes dans le nom de ce cocktail à base de gin, de vermouth rouge et de Campari ; inventé à Florence (Italie) en 1919 : Negro_ _
NI
8%
Donne les 2 lettres manquantes dans le nom du Géant ayant cent yeux, fils d'Arestor dans la mythologie grecque : A_ _ os Panoptès RG
8%
Dernière Question : Donne la dernière lettre du nom de famille du secrétaire général du parti communiste français de 1930 à 1964 : Maurice ?????_
Z (Thorez)
6%
Aucun quiz correspondant
Distribution des résultats
% des personnes avec chaque résultat
Percentile par nombre de réponses
Votre historique - résultats
Vous n’avez pas pris ce quiz